| 000 | 01010nam a2200265Ia 4500 | ||
|---|---|---|---|
| 003 | OSt | ||
| 005 | 20221005105215.0 | ||
| 006 | a|||||r|||| 00| 0 | ||
| 007 | ta | ||
| 008 | 221004b |||||||| |||| 00| 0 hin d | ||
| 020 |
_a978=8183306010 (hbk) _cINR 950.00 |
||
| 024 | _a29362 | ||
| 037 |
_b295, 08/03/2017, Eastern Book Linkers _cTextual |
||
| 040 |
_aCRL _cCRL _bhin |
||
| 041 |
_2hin _ahin |
||
| 082 | _aY:1.2, 152Q6 | ||
| 100 | _aशर्मा, सीमा, ले. | ||
| 245 | 0 | _aभारतीय संस्कृतिः एक अध्ययन | |
| 246 | _aBhāratīya sanskṛutiah ek adhyayana | ||
| 260 |
_aनई दिल्ली _bअर्जुन पब्लिशिंग हाउस भारत _c2016 |
||
| 300 |
_a232पृ0 _ccm. |
||
| 650 |
_aभारतीय संस्कृति _9157954 |
||
| 942 |
_hY:1.2, 152Q6 _cTEXL _2cc |
||
| 999 |
_c1015118 _d1015118 |
||